000 00459nam a2200181Ia 4500
001 1224
005 20260306140616.0
008 260306t2002||||xx |||||||||||||| ||spa||
041 _aESP
082 _a189.4
_bG45
100 _aGilson, Étienne
_eAUT
245 0 _aEl Tomismo:
_bintroducción a la filosofía de Santo Tomás de Aquino
260 _c2002
300 _a488 páginas :
_c24 cm.
650 _aGEN
654 _aCHU
942 _cLIB
_dJUS
_fJUS
_2ddc
_n
999 _c1224
_d1224